| 000 | nam a22 1a 4500 | ||
|---|---|---|---|
| 999 |
_c456820 _d456820 |
||
| 003 | BLK | ||
| 005 | 20221208031223.0 | ||
| 008 | 210614b bu |||||r|||| 00| 0 bu d | ||
| 040 | _aBLK | ||
| 041 |
_aBUL _cBUL |
||
| 080 |
_aШахмат _b794.1 _z794.1 |
||
| 100 |
_91299 _aНейкирх, Олег _eпърви автор |
||
| 139 |
_aНейкирх, Олег _bН 47 |
||
| 245 |
_aШахматни дебюти _bЧ. 1 -3 _cОлег Нейкирх, Александър Цветков _nЧ. 1 |
||
| 260 |
_9216430 _aСофия _bФизкултура _c1955 |
||
| 300 |
_a288 с. _bс ил. _c21 см |
||
| 380 | _a79 | ||
| 650 | 7 |
_9177770 _aШахмат |
|
| 653 | 7 |
_9200785 _aшахмат |
|
| 700 |
_aЦветков, Александър _eсъавт. _91445 |
||
| 760 |
_d1955 _h288 с. _oЧ.1 _tШахматни дебюти |
||
| 852 |
_aЦб 34878 _bЦб |
||
| 942 |
_cKNG _n0 _s1 |
||
| 944 |
_aCR _c2022-05-19 _kК.Д. |
||